<?xml version="1.0" encoding="UTF-8"?>
<collection xmlns="http://www.loc.gov/MARC21/slim">
 <record>
  <leader>00892cam a2200169 7i4500</leader>
  <controlfield tag="001">0000138216</controlfield>
  <controlfield tag="005">20081028090000.0</controlfield>
  <controlfield tag="002">  0000003292</controlfield>
  <datafield tag="090" ind1="0" ind2="0">
   <subfield code="a">LI 49 FPE 3 2006 </subfield>
  </datafield>
  <datafield tag="100" ind1="0" ind2="#">
   <subfield code="a">Siti Faziedah Yahya </subfield>
  </datafield>
  <datafield tag="245" ind1="1" ind2="0">
   <subfield code="a">Laporan akhir latihan industri di Lembaga Pemasaran Pertanian Persekutuan di Daerah Bera, Pahang  </subfield>
   <subfield code="c">Siti Faziedah Yahya.</subfield>
  </datafield>
  <datafield tag="260" ind1="#" ind2="#">
   <subfield code="a">Terengganu: </subfield>
   <subfield code="b">Kolej Universiti Sains dan Teknologi Malaysia, </subfield>
   <subfield code="c">2006.</subfield>
  </datafield>
  <datafield tag="300" ind1=" " ind2=" ">
   <subfield code="a">iii, 63 p.; </subfield>
   <subfield code="c">30 cm..</subfield>
  </datafield>
  <datafield tag="502" ind1="#" ind2="#">
   <subfield code="a">Latihan Industri FPE (Sarjana Muda Pengurusan - Pemasaran) 2006</subfield>
  </datafield>
  <datafield tag="520" ind1="3" ind2="#">
   <subfield code="a">FAMA bertindak sebagai sebuah agensi pemasaran kerajaan bagi tujuan menyelia, menyelaras, mengawalselia dan memajukan pemasaran keluaran pertanian di Malaysia termasuk pengimportan dan pengeksportan serta membangunkan pemasaran hasil-hasil pertaniaalaysia</subfield>
  </datafield>
  <datafield tag="602" ind1="#" ind2="#">
   <subfield code="a">Latihan Industri FPE 2006</subfield>
  </datafield>
  <datafield tag="999" ind1=" " ind2=" ">
   <subfield code="a">1100045096</subfield>
   <subfield code="b">Book</subfield>
   <subfield code="c">Latihan Industri</subfield>
   <subfield code="e">BILIK ARKIB</subfield>
  </datafield>
 </record>
</collection>
